00278nam a2200121Ia 4500008004100000100002000041245002900061260002400090300000800114650001000122942000700132999001700139190216s9999||||xx |||||||||||||| ||und|| aAshapoorna Devi 0aHindi-Athmanidhor Sharan bRashtriya Prakashan a144 aHindi cBK c16398d16398